000 01242njm a2200301Ia 4500
001 H0308
003 IT-RoPAU
005 20220918181141.0
008 131025s9999 xx 000 0 und d
040 _aIT-RoPAU
040 _cIT-RoPAU
041 _aITALIANO
999 _c101252
_d101252
999 _bn.d.
100 _aSpaccavento Felice
_933285
100 _eAutore musica
_933286
100 _gCodice autore musica SPICS: 56334
_933287
245 _aVita giocatevela bene! (La)
250 _a1a ed.
260 _aMILANO
260 _bMULTIMEDIA SAN PAOLO
_c2002 [1a Ed.:2002 - Ed. Lingua Orig.: 2002]
300 _aCOMPACT DISC
300 _c75 minuti (Testo: 0 pag.)
500 _aParlato con musiche di sottofondo. Tonino Bello ai giovani: incontro con gli studenti dell'ultimo anno delle magistrali di Terlizzi. Musiche di sottofondo di Giovanni Paisiello. Delegato alla produzione: Giulio Neroni. Foto copertina: dall'archivio di Famiglia Cristiana. Grafica: Marco Animobono.
505 _aDiscorso agli studenti (69:30) - Dammi, Signore, un'ala di riserva (5:30).
650 _aRELIGIOSO [COMPACT DISC]
_eCodice MATERIA SPICS: 9949
_914031
700 _aBello Tonino
_eAutore testo
_gCodice autore testo SPICS: 34738
_933288
942 _cCD
_2ddc